|
|
|
|
| LEADER |
00839cam a2200217 7i4500 |
| 001 |
0000034265 |
| 005 |
20170223090000.0 |
| 020 |
|
|
|a 9780838909447 (pbk.)
|
| 020 |
|
|
|a 0838909442 (pbk. )
|
| 090 |
0 |
0 |
|a GV1469.3
|b .N45 2007
|
| 100 |
1 |
|
|a Neiburger, Eli
|
| 245 |
1 |
0 |
|a Gamers...in the library?! :
|b the why, what, and how of videogame tournaments for all ages
|c Eli Neiburger.
|
| 260 |
|
|
|a Chicago:
|b American Library Association,
|c 2007.
|
| 300 |
|
|
|a ix, 178 p.:
|b ill.;
|c 23 cm.
|
| 504 |
|
|
|a Includes bibliographical references and index
|
| 650 |
0 |
0 |
|a Video games
|
| 650 |
0 |
0 |
|a Libraries and teenagers --
|z United States
|
| 650 |
0 |
0 |
|a Computer games
|
| 997 |
|
|
|a Communication, Visual Art & Computing, Faculty
|b Communication, Department
|
| 998 |
|
|
|a Library Science, Diploma
|
| 999 |
|
|
|a 0000047111
|b BOK
|c OPEN SHELF
|e 1st Floor, Bestari Jaya
|